| 000 | 00572nam a2200205 a 4500 | ||
|---|---|---|---|
| 005 | 20140310183435.0 | ||
| 008 | 080121s19uu xx 00 eng d | ||
| 020 | _a0749444576 | ||
| 050 |
_aHD 1393.25 _b.Sp37 2005 |
||
| 100 | _aSperry, Paul S. | ||
| 245 | _aThe complete guide to selling your business. | ||
| 250 | _a2nd ed. | ||
| 260 |
_aUnited Kingdom : _bKogan Page, _c2004. |
||
| 300 |
_a183 p. : _bill. ; _c24 cm. |
||
| 521 | _aBSBA | ||
| 650 | _aSales of business enterprises. | ||
| 700 | _aMitchell, Beatrice H. | ||
| 942 |
_cBK _2lcc _kFOR |
||
| 999 |
_c22832 _d22832 |
||